The Biggest Cities in Marche - Statistics

General Stats
  • This quiz has been taken 25 times
  • The average score is 16 of 32
Answer Stats
Inhabitants Province City % Correct
99,239 Ancona Ancona
100%
45,843 Ascoli Piceno Ascoli Piceno
100%
35,893 Fermo Fermo
100%
40,553 Macerata Macerata
100%
95,580 Pesaro Urbino Pesaro
100%
13,839 Pesaro Urbino Urbino
90%
42,000 Macerata Civitanova Marche
71%
47,034 Ascoli Piceno San Benedetto del Tronto
67%
59,963 Pesaro Urbino Fano
62%
39,399 Ancona Jesi
62%
15,617 Fermo Porto San Giorgio
62%
25,932 Fermo Porto Sant'Elpidio
62%
44,053 Ancona Senigallia
57%
28,828 Ancona Fabriano
52%
25,687 Ancona Falconara Marittima
52%
20,696 Macerata Recanati
52%
15,890 Ascoli Piceno Grottammare
48%
12,986 Ancona Loreto
43%
34,844 Ancona Osimo
43%
12,436 Macerata Porto Recanati
43%
17,760 Macerata Tolentino
43%
18,444 Ancona Castelfidardo
33%
14,368 Pesaro Urbino Mondolfo
29%
15,503 Macerata Potenza Picena
29%
11,893 Macerata San Severino Marche
24%
14,282 Ancona Chiaravalle
19%
16,505 Fermo Sant'Elpidio a Mare
19%
14,703 Macerata Corridonia
14%
12,500 Fermo Montegranaro
14%
15,051 Pesaro Urbino Vallefoglia
14%
12,365 Pesaro Urbino Colli al Metauro
0%
13,051 Ascoli Piceno Monteprandone
0%
No matching quizzes found
Score Distribution
Percent of People with Each Score
Percentile by Number Answered
Your Score History
You have not taken this quiz